| 000 | 00669nam a22002297a 4500 | ||
|---|---|---|---|
| 999 |
_c1204 _d1204 |
||
| 001 | 1204 | ||
| 003 | BD-JhCC | ||
| 005 | 20191211134008.0 | ||
| 008 | 171016s2007 bg |||| |||| 00| 0 ben d | ||
| 020 | _a9848684530 | ||
| 035 | _a(BD-JhCC)1204 | ||
| 040 |
_aBD-JhCC _dBD-JhCC |
||
| 041 | _aben | ||
| 082 |
_a891.443 _bHAQ 2007 |
||
| 100 | _aহক, সৈয়দ শামসুল | ||
| 245 |
_aউপন্যাস সমগ্র ৭ / _cসৈয়দ শামসুল হক |
||
| 260 |
_aঢাকাঃ _bঅন্য প্রকাশনী, _c2007 |
||
| 300 |
_a375 p. : _c21 cm. |
||
| 650 | _aBengali Novel | ||
| 942 |
_2ddc _cBK _02 |
||